000
00321nam a22001217a 4500
008
180519b xxu||||| |||| 00| 0 eng d
041
_a
eng
080
_a
043.3
100
_a
0
101
_a
SHKI-BA
245
_a
Entity Framework ne ASP Web Applications: Implementimi ne GSP Tracker System
_c
Janjeva, A
942
_2
udc
_c
BK
999
_c
46074
_d
46074